000 00511nam a2200181Ia 4500
005 20250326124048.0
008 250326s9999 xx 000 0 und d
037 _aTextbook
040 _aFMSL
_beng
_cFMSL
041 _aeng
_2eng
084 _aX.1 L7;1
_qFMSL
100 _aAngelopoulous A Th
_9736695
245 0 _aFor a new policy of international development
_cAngelopoulous A Th
260 _aNY
_bNY, Praeger
_c1977
300 _a137p
942 _cTB
_hX.1 L7;1
999 _c1272102
_d1272102